| 000 | 01414nam a22002897a 4500 | ||
|---|---|---|---|
| 001 | 1639 | ||
| 003 | FISKH | ||
| 005 | 20230912122018.0 | ||
| 008 | 230912b cb ||||| |||| 00| 0 khr d | ||
| 020 | _a9789924341499 | ||
| 040 |
_aFISKH _beng _cFISKH _dFISKH |
||
| 082 | _a302.23 | ||
| 100 | _aBoujon, Claude | ||
| 245 |
_aជម្លោះ / _cនិពន្ធ និងគូររូបដោយ ក្លូដ ប៊ូហ្សុង - បកប្រែពីភាសាបារាំងដោយ អ៊ូច សូលីដា |
||
| 260 |
_aParis : _bSipar, _c2022. |
||
| 300 |
_a36 pages : _bcolor illustrations ; _c15 × 19 cm |
||
| 490 | _aតស់អាន! | ||
| 505 | _aJ | ||
| 520 | _aលោកត្នោត និងលោកប្រផេះរស់នៅជិតគ្នា។ បន្តិចម្ដងៗ ពួកគេឈ្លោះគ្នាកាន់តែខ្លាំងឡើងៗ ហើយក៏មានកញ្ជ្រោងមួយមកដល់។ | ||
| 520 | _aMr. Brown and Mr. Gray live close to each other. Gradually, they quarreled more and more, and then a fox came. | ||
| 521 | 8 |
_a500
_bLexile estimate |
|
| 521 | 8 |
_aJ
_bRaz-Plus |
|
| 650 |
_aទន្សាយ _vជម្លោះ _xជនទី៣ |
||
| 650 |
_aRabits _vArgument _xThird person |
||
| 700 |
_aBoujon, Claude _eillustrator |
||
| 942 |
_2ddc _cKHB _n0 |
||
| 999 |
_c1639 _d1639 |
||